Govt. of
Madhya Pradesh

Normal view MARC view

Entry Personal Name

Number of records used in: 0

001 - CONTROL NUMBER

  • control field: 83151

003 - CONTROL NUMBER IDENTIFIER

  • control field: OSt

005 - DATE AND TIME OF LATEST TRANSACTION

  • control field: 20250419171523.0

008 - FIXED-LENGTH DATA ELEMENTS

  • fixed length control field: 250419|| aca||aabn | a|a d

040 ## - CATALOGING SOURCE

  • Original cataloging agency: OSt
  • Transcribing agency: OSt

100 ## - HEADING--PERSONAL NAME

  • Personal name: Jain, Sanyam

670 ## - SOURCE DATA FOUND

  • Source citation: Work cat.: (OSt)67936: Jain, Sanyam, Lyrics Of A Tangled Heart , 2024